Skyrim - Faction Quiz - Statistics

General Stats
  • This quiz has been taken 41 times
  • The average score is 22 of 41
Answer Stats
Hint Answer % Correct
Tullius Imperials
81%
Ulfric Stormcloaks
81%
Kodlak Whitemane Companions
77%
Paarthurnax Greybeards
77%
Farkas Companions
74%
Astrid Dark Brotherhood
74%
Vex Thieves Guild
74%
Savos Aren College of Winterhold
71%
Aela Companions
71%
Harkon Volkihar Clan
71%
Delphine Blades
68%
J'zargo College of Winterhold
68%
Vilkas Companions
68%
Esbern Blades
65%
Cicero Dark Brotherhood
65%
Isran Dawnguard
65%
Brynjolf Thieves Guild
65%
Delvin Mallory Thieves Guild
65%
Ralof Stormcloaks
61%
Sapphire Thieves Guild
61%
Serana Volkihar Clan
61%
Skjor Companions
58%
Hadvar Imperials
58%
Babette Dark Brotherhood
55%
Rikke Imperials
55%
Arngeir Greybeards
52%
Tolfdir College of Winterhold
48%
Pantea Ateia Bards College
45%
Nazir Dark Brotherhood
42%
Elenwen Thalmor
42%
Viarmo Bards College
39%
Veezara Dark Brotherhood
39%
Wulfgar Greybeards
35%
Galmar Stormcloaks
35%
Garen Marethi Volkihar Clan
29%
Giraud Gemane Bards College
26%
Agmaer Dawnguard
26%
Celann Dawnguard
16%
Ancano Thalmor
16%
Ornthjolf Volkihar Clan
16%
Vingalmo Volkihar Clan
16%
No matching quizzes found
Score Distribution
Percent of People with Each Score
Percentile by Number Answered
Your Score History
You have not taken this quiz